000 00326nam a22001457a 4500
008 230911b ||||| |||| 00| 0 eng d
020 _a0080179495
041 _aeng
080 _2VOLUME 69
_a101
082 _a101GLA
100 _a44
101 _aFILOZ
245 _aTHE NEBULAR VARIABLES
_cGLASBY .S .J
942 _2udc
_cBK
999 _c60304
_d60304